The art of watching films
Gorde:
| Egile nagusia: | |
|---|---|
| Formatua: | Liburua |
| Hizkuntza: | Undetermined |
| Argitaratua: |
Boston
McGrawHill
2008
|
| Gaiak: | |
| Etiketak: |
Etiketa erantsi
Etiketarik gabe, Izan zaitez lehena erregistro honi etiketa jartzen!
|
| Thư viện lưu trữ: | Trung tâm Học liệu Trường Đại học Cần Thơ |
|---|
| LEADER | 00505nam a2200181Ia 4500 | ||
|---|---|---|---|
| 001 | CTU_219583 | ||
| 008 | 210402s9999 xx 000 0 und d | ||
| 082 | |a 791.43015 | ||
| 082 | |b B674 | ||
| 100 | |a Boggs , Joseph M. | ||
| 245 | 4 | |a The art of watching films | |
| 245 | 0 | |c Joseph M. Boggs , Dennis W. Petrie | |
| 260 | |a Boston | ||
| 260 | |b McGrawHill | ||
| 260 | |c 2008 | ||
| 650 | |a Film criticism,Phê bình phim | ||
| 904 | |i Tuyến | ||
| 980 | |a Trung tâm Học liệu Trường Đại học Cần Thơ | ||